LEADER 04281nam 2200697 450 001 9910456175203321 005 20200520144314.0 010 $a1-282-00951-6 010 $a9786612009518 010 $a1-4426-7175-0 024 7 $a10.3138/9781442671751 035 $a(CKB)2420000000003876 035 $a(EBL)3250370 035 $a(SSID)ssj0000400297 035 $a(PQKBManifestationID)11279297 035 $a(PQKBTitleCode)TC0000400297 035 $a(PQKBWorkID)10397412 035 $a(PQKB)10918708 035 $a(CaPaEBR)417292 035 $a(CaBNvSL)thg00602258 035 $a(MiAaPQ)EBC3250370 035 $a(MiAaPQ)EBC4671268 035 $a(DE-B1597)464248 035 $a(OCoLC)944178335 035 $a(DE-B1597)9781442671751 035 $a(Au-PeEL)EBL4671268 035 $a(CaPaEBR)ebr11256986 035 $a(OCoLC)958564962 035 $a(EXLCZ)992420000000003876 100 $a20160922h19621962 uy 0 101 0 $aeng 135 $aur|n|---||||| 181 $ctxt 182 $cc 183 $acr 200 00$aCanadian annual review for 1961 /$fedited by John Saywell 210 1$a[Toronto, Ontario] :$cUniversity of Toronto Press,$d1962. 210 4$d©1962 215 $a1 online resource (496 p.) 225 1 $aCanadian Annual Review of Politics and Public Affairs 300 $aDescription based upon print version of record. 311 $a0-8020-1196-9 320 $aIncludes bibliographical references and index. 327 $tFrontmatter -- $tContents -- $tCONTRIBUTORS -- $tCANADIAN CALENDAR -- $tPARLIAMENT AND POLITICS -- $tEXTERNAL AFFAIRS AND DEFENCE -- $tTHE ECONOMY -- $tBUSINESS AND INDUSTRY -- $tEDUCATION: ENGLISH CANADA -- $tL'EDUCATION AU QUEBEC -- $tPUBLIC LAW: ALARMS AND FOREIGN EXCURSIONS -- $tLE DROIT ET LA LEGISLATION DANS LA PROVINCE DE QUEBEC -- $tRELIGION -- $tSCIENCE -- $tJOURNALISM -- $tLITTÉRATURE CANADIENNE-FRANÇAISE -- $tWRITING IN ENGLISH -- $tDRAMA: ENGLISH CANADA -- $tLE THEATRE DE LANGUE FRANÇAISE -- $tMUSIC -- $tART -- $tRADIO ET TÉLÉVISION -- $tTELEVISION IN 1961 -- $tRADIO -- $tCANADIAN SPORT, 1961 -- $tOBITUARIES -- $tACKNOWLEDGMENTS -- $tINDEX 330 $aHere is an indispensable reference book for those concerned directly or indirectly with Canadian public affairs. The Canadian Annual Review is not only a concise and convenient record of the year, but a responsible appraisal of important developments related in perspective. It has been expressly prepared for this purpose by a special panel of recognized experts, writing under the direction of a leading Canadian historian and political commentator. As succeeding volumes appear, the Canadian Annual Review will grow in value; in the years ahead, a complete series of volumes will provide a clear historical perspective of the present and the immediate past.For rapid review of any important topic, for convenient checking of the course of a piece of legislation, for quick determination of a death date, or for information on the circumstances of a major government appointment or retirement - there are hundreds of uses which will make the Canadian Annual Reivew a regular reference habit. Its place will regularly be on the desk rather than the shelf.The superb index is not only a guide to the first edition of this important reference work; it is the only index to the history of the time. And in addition to being concise and completely authoritative, the Canadian Annual Review is readable. The articles it contains can be read consecutively for the interest they possess and the instruction they offer, or they can be spot-read with ease to locate particular information. 606 $aPOLITICAL SCIENCE / General$2bisacsh 607 $aCanada$xPolitics and government$y1945- 607 $aCanada$xEconomic conditions$y1945- 607 $aCanada$xForeign relations$y1945- 608 $aElectronic books. 615 7$aPOLITICAL SCIENCE / General. 676 $a971.064 700 $aSaywell$b John, $4aut$4http://id.loc.gov/vocabulary/relators/aut$01030452 702 $aSaywell$b John 801 0$bMiAaPQ 801 1$bMiAaPQ 801 2$bMiAaPQ 906 $aBOOK 912 $a9910456175203321 996 $aCanadian annual review for 1961$92477105 997 $aUNINA LEADER 05425nam 2200673 a 450 001 9910144339503321 005 20170926023450.0 010 $a3-527-66066-6 010 $a1-280-66315-4 010 $a9786613640086 010 $a3-527-66101-8 010 $a3-527-60903-2 035 $a(CKB)1000000000376193 035 $a(EBL)894836 035 $a(OCoLC)787843769 035 $a(SSID)ssj0000354749 035 $a(PQKBManifestationID)11272629 035 $a(PQKBTitleCode)TC0000354749 035 $a(PQKBWorkID)10315848 035 $a(PQKB)10030414 035 $a(MiAaPQ)EBC894836 035 $a(EXLCZ)991000000000376193 100 $a20120608d2003 uy 0 101 0 $ager 135 $aur|n|---||||| 181 $ctxt 182 $cc 183 $acr 200 10$aSieben und Siebmaschinen$b[electronic resource] $eGrundlagen und Anwendung /$fPaul Schmidt, Rolf Ko?rber, Matthias Coppers 210 $aWeinheim [Germany] $cWiley-VCH$d2003 215 $a1 online resource (222 p.) 300 $aDescription based upon print version of record. 311 $a3-527-30207-7 320 $aIncludes bibliographical references and index. 327 $aTitle Page; Inhalt; 1 Grundlagen des siebens; 1.1 Allgemeine bemerkungen; 1.2 Korngro?ßenverteilung und trennscha?rfe; 1.3 Anwendungsgebiete: eine u?bersicht; 2 Theorie des siebens; 2.1 Rieselsiebung; 2.1.1 Haftkra?fte zwischen partikeln; 2.1.2 Ultraschallsiebung; 2.2 Durchgangswahrscheinlichkeit; 2.3 Der siebvorgang als reaktion erster ordnung; 2.4 Empirische siebfunktionen; 2.5 Dimensionsanalytische behandlung des siebvorganges; 2.5.1 Rieselsiebung ohne und mit vibration; 2.5.2 Allgemeine anwendung der dimensionsanalyse beim sieben; 2.6 Wechselwirkung zwischen korn und siebmasche 327 $a2.7 Schra?ges auftreffen auf die siebfla?che2.8 Stro?mungssiebung; 3 Siebmaschinen; 3.1 Siebmaschinen mit indirekter erregung des siebes; 3.1.1 Roste; 3.1.2 Wurfsiebe; 3.1.2.1 Kreisund ellipsenschwingsieb; 3.1.2.2 Linearschwingsiebe; 3.1.2.3 Mehrdeck-siebmaschinen; 3.1.2.4 Wahrscheinlichkeitssieb, sizer; 3.1.2.5 Bogenoder bananen-sieb; 3.1.2.6 Doppelfrequenz-siebmaschinen (df); 3.1.3 Plansiebe; 3.1.3.1 Rundsiebe und taumelsiebmaschinen; 3.1.3.2 Rechtecksiebmaschine; 3.1.4 Trommelsiebe; 3.1.5 Zentrifugalsiebe; 3.1.6 Siebhilfen bei indirekt erregten sieben 327 $a3.2 Siebmaschinen mit direkter erregung des siebes3.2.1 Punktfo?rmige erregung; 3.2.2 Linienfo?rmige erregung; 3.2.2.1 Elektromagnetischer antrieb der schwingachsen, bauart wa; 3.2.2.2 Taumelru?ttler-antrieb der schwingachsen; 3.2.2.3 Kuppelstangen-antrieb der schwingachsen, bauart m; 3.2.2.4 Siebmaschinen flacher bauform, bauart waf; 3.2.3 Direkt erregte bogen-siebe, arc-siebe; 3.3 Siebmaschinen mit sich verformenden siebfla?chen; 3.4 Stro?mungssiebmaschinen; 3.4.1 Pneumatische siebmaschinen; 3.4.2 Verwehen einer siebfla?che; 3.4.3 Nass-siebe 327 $a3.4.3.1 Nasssieb mit zusatzbefeuchtung und doppelfrequenz-antrieb3.4.3.2 Funktionsweise des doppelfrequenz (df)-nasssiebes; 3.4.3.3 Einfluss des doppelfrequenz-antriebes bei der nasssiebung; 3.4.3.4 Wasserkreislauf; 3.4.3.5 Vibrations-nasstrommelsieb; 4 Siebung in der praxis; 4.1 Siebfla?chen; 4.1.1 Charakterisierung von siebgeweben; 4.1.2 Reinigung der siebgewebe; 4.2 Mehrdeck-siebmaschinen; 4.2.1 Konstruktiver aufbau der mehrdeck-siebmaschine; 4.2.2 Baugro?ßen der mehrdeck-siebmaschine; 4.2.3 Technische besonderheiten der mehrdeck-siebmaschine; 4.2.3.1 Schwingungsparameter 327 $a4.2.3.2 Verspannung4.2.3.3 Wartung; 4.2.4 Ausgewa?hlte ergebnisse und einsatzbeispiele mit mehrdeck-siebmaschinen; 4.2.4.1 Siebklassierung von basalt-brechsand; 4.2.4.2 Siebklassierung von siedesalz im feinstbereich; 4.2.4.3 Schutzsiebung und staubabtrennung bei einem chemischen produkt; 4.2.5 Weitere verallgemeinerungsfa?hige ergebnisse; 4.2.5.1 Einfluss der maschenweite; 4.2.5.2 Einfluss der siebdeckanzahl; 4.2.6 Zusammenfassung; 4.3 Beispiele zur praktischen siebung; 4.3.1 Schutzabsiebung; 4.3.1.1 Anlage zur erzeugung spritzkornfreier quarzmehle 327 $a4.3.1.2 Herstellung von spritzkornfreiem glassand 330 $aNach der Gewinnung bzw. Erzeugung von mineralischen, synthetischen oder organischen Roh- und Zwischenprodukten liegt in den meisten Fa?llen ein Schu?ttgut mit Ko?rnern unterschiedlicher Gro?ße und Form vor. Fu?r das Endprodukt wird durch Klassieren eine geforderte Korngro?ßenverteilung erreicht. Das einfachste mechanische Verfahren ist hier das Sieben. Auf der Grundlage aktueller Forschungs- und Entwicklungsarbeiten sowie Konstruktions- und Betriebserfahrungen werden im vorliegenden Buch ausfu?hrlich die Grundlagen der Siebtechnik und deren verfahrenstechnische Anwendung bei Siebmaschinen und Siebana 606 $aParticle size determination$xInstruments 606 $aParticle size determination 606 $aParticles 608 $aElectronic books. 615 0$aParticle size determination$xInstruments. 615 0$aParticle size determination. 615 0$aParticles. 676 $a618.1 / 9 700 $aSchmidt$b Paul$0242335 701 $aKo?rber$b Rolf$0985019 701 $aCoppers$b Matthias$0985020 801 0$bMiAaPQ 801 1$bMiAaPQ 801 2$bMiAaPQ 906 $aBOOK 912 $a9910144339503321 996 $aSieben und Siebmaschinen$92250807 997 $aUNINA